سر سيد احمد خان : حالات وافكار # siru sayid aihmad khan : (Record no. 80266)
[ view plain ]
| 000 -LEADER | |
|---|---|
| fixed length control field | 01129cam a2200289 i 4500 |
| 003 - CONTROL NUMBER IDENTIFIER | |
| rucl marc code | BD-RjUL |
| 005 - DATE AND TIME OF LATEST TRANSACTION | |
| control field | 20220831103617.0 |
| 008 - FIXED-LENGTH DATA ELEMENTS--GENERAL INFORMATION | |
| fixed length control field | 220831s2018 pk b 010 0burd |
| 035 ## - SYSTEM CONTROL NUMBER | |
| System control number | (BD-RjUL) |
| 040 ## - CATALOGING SOURCE | |
| Original cataloging agency | DLC |
| Language of cataloging | eng |
| Description conventions | rda |
| Transcribing agency | DLC |
| 082 ## - DEWEY DECIMAL CLASSIFICATION NUMBER | |
| Edition number | 23 |
| Classification number | 954.035092 |
| Author mark and year | HAQ 1959 |
| 100 ## - MAIN ENTRY--PERSONAL NAME | |
| Personal name | Haque, Abdul |
| 9 (RLIN) | 4559 |
| 245 00 - TITLE STATEMENT | |
| Title | سر سيد احمد خان : حالات وافكار # siru sayid aihmad khan : |
| Remainder of title | ḥalāt aur Ifkar / |
| Statement of responsibility, etc. | Abdul Haque |
| 264 #1 - PRODUCTION, PUBLICATION, DISTRIBUTION, MANUFACTURE, AND COPYRIGHT NOTICE | |
| Place of production, publication, distribution, manufacture | Karachi : |
| Name of producer, publisher, distributor, manufacturer | Anjuman Taraqi urdu, |
| Date of production, publication, distribution, manufacture, or copyright notice | 1959 |
| 300 ## - PHYSICAL DESCRIPTION | |
| Pagination | 196 pages ; |
| Size | 24 cm |
| 490 0# - SERIES STATEMENT | |
| Series statement | Jashan-i do ṣad sālah Sar Sayyid Aḥmad K̲h̲ān 1817-2017 |
| 504 ## - BIBLIOGRAPHY, ETC. NOTE | |
| Bibliography, etc | Includes bibliographical references. |
| 520 ## - SUMMARY, ETC. | |
| Summary, etc. | Biography of Sir Sayyid Aḥmad K̲h̲ān̲, Indian statesman and founder of Aligarh Muslim University. |
| 600 10 - SUBJECT ADDED ENTRY--PERSONAL NAME | |
| Personal name | Aḥmad K̲h̲ān̲, Sayyid, |
| Titles and other words associated with a name | Sir, |
| Dates associated with a name | 1817-1898. |
| 650 #0 - SUBJECT ADDED ENTRY--TOPICAL TERM | |
| Topical term or geographic name as entry element | Statesmen |
| Geographic subdivision | India |
| Form subdivision | Biography. |
| 9 (RLIN) | 4561 |
| Topical term or geographic name as entry element | Educators |
| Geographic subdivision | India |
| Form subdivision | Biography. |
| 9 (RLIN) | 4562 |
| 700 1# - ADDED ENTRY--PERSONAL NAME | |
| Personal name | Ashfāq, Ḥumerā, |
| Relator term | compiler. |
| Personal name | Aḥmad Salīm, |
| Dates associated with a name | 1945- |
| Relator term | compiler. |
| 942 ## - ADDED ENTRY ELEMENTS (KOHA) | |
| Source of classification or shelving scheme | Dewey Decimal Classification |
| Koha item type | Books |
| Lost status | Source of classification or shelving scheme | Damaged status | Not for loan | Collection code | Permanent Location | Current Location | Shelving location | Date acquired | Total Checkouts | Full call number | Date last seen | Copy number | Koha item type | Source of acquisition | Cost, normal purchase price |
|---|---|---|---|---|---|---|---|---|---|---|---|---|---|---|---|
| Dewey Decimal Classification | Not For Loan | Non-fiction | Central Library, University of Rajshahi | Central Library, University of Rajshahi | Reading Room | 31/08/2022 | U 954.035092 HAQ 1959 | 31/08/2022 | C-1 | Books | |||||
| Dewey Decimal Classification | Non-fiction | Central Library, University of Rajshahi | Central Library, University of Rajshahi | General Stacks | 31/10/1964 | U 954.035092 HAQ 1959 | 29/02/2024 | C-2 | Books | Urdu library , Ghoramara, Rajshahi | 4.00 |